000 00524nam a22001817a 4500
003 CEME
005 20210628204244.0
008 210127b xxu||||| |||| 00| 0 eng d
020 _a1-56676-091-7
040 _c.
082 _a620.192 ADV
100 _aKlempner.D,Klempner, D,Frisch, K.C
_969569
245 _aAdvances in interpenetrating polymer networks volume 3 &4
260 _aNEW YORK
_bTECHNOMIC
_c1991
300 _aVII,355P
650 _aADVANCES IN INTERPENETRATING POLYMER NETWORKS
_969570
942 _cBK
_2ddc
999 _c576797
_d576797